| 000 | 01073cam a22002651ia4500 | ||
|---|---|---|---|
| 003 | SA-RiAUC | ||
| 005 | 20260315134338.0 | ||
| 008 | 260124s1932 ti g 000 0cara c | ||
| 040 |
_aSA-RiKSU _bara _cSA-RiAUC _erda |
||
| 050 | 4 | _b.M84 1932 | |
| 082 | 0 | 4 |
_a928.1 _qSA-RiAUC |
| 090 |
_aم ن 928.1 _bم ح م |
||
| 100 | 1 |
_aمحمد النيفر، محمد بن محمد الطيب، _d1276-1330 هجري _eمؤلف. |
|
| 245 | 1 | 0 |
_aعنوان الأريب عما نشأ بالمملكة التونسية من عالم أديب / _cمحمد النيفر. |
| 250 | _aالطبعة الأولى. | ||
| 264 | 1 |
_aتونس : _bالدار التونسية، _c[1932] |
|
| 300 |
_a2 مجلد؛ _c29 سم. |
||
| 336 |
_aنص _btxt _2rdacontent _3كتاب |
||
| 337 |
_aبدون وسيط _bn _2rdamedia |
||
| 338 |
_aمجلد _bnc _2rdacarrier |
||
| 650 | 7 |
_aالأدب العربي _zتونس _xتاريخ ونقد _2aucsh |
|
| 650 | 7 |
_aالأدباء العرب _zتونس _vتراجم _2aucsh |
|
| 942 |
_2ddc _cRBOOK COPY _n0 |
||
| 949 |
_aSA-JeALM _d260124 _umohamedma123 _n1 |
||
| 999 |
_c14598 _d14598 |
||